000 00384nam a2200145Ia 4500
008 230917s9999||||xx |||||||||||||| ||und||
040 _e4051
_aMAIN
041 _aEnglish
082 _a309.10942 T728I
100 _aTrevelyan, G M
245 0 _aIllustrated English social history: The eighteenth century
260 _aLondon
_bLongman
_c1964
300 _axii, 209 p.
942 _cBK
999 _c192910
_d192910